000 00466nam a2200157Ia 4500
008 190228s9999 xx 000 0 und d
020 _a9781259254987
100 _aWhitecotton, Stacey.
245 _cStacey Whitecotton, Robert Libby, Fred Philips.--
_aManagerial accounting /
250 _a3rd ed
260 _aUSA :
_bMcGraw-Hill
_c2017
300 _axxvi, 626 pages.
500 _aIncludes indexes.
650 _aAccounting.
650 _aManagerial accounting.
999 _c361320
_d361320